Un pecador camina hacia la eternidad / (Record no. 125911)

MARC details
000 -LEADER
campo de control de longitud fija 00649nam a2200217 4500
001 - NÚMERO DE CONTROL
campo de control 125911
003 - IDENTIFICADOR DE NÚMERO DE CONTROL
campo de control ES-MaACL
005 - FECHA Y HORA DE LA ÚLTIMA TRANSACCIÓN
campo de control 20230906192723.0
007 - CAMPO FIJO DE DESCRIPCIÓN FÍSICA--INFORMACIÓN GENERAL
campo de control de longitud fija t|
008 - DATOS DE LONGITUD FIJA--INFORMACIÓN GENERAL
campo de control de longitud fija 070214s1958 sp r ||||1| spa d
100 1# - ENTRADA PRINCIPAL--NOMBRE DE PERSONA
Nombre de persona Raynolds, Robert.
9 (RLIN) 95650
245 13 - MENCIÓN DEL TÍTULO
Título Un pecador camina hacia la eternidad /
Mención de responsabilidad, etc. Robert Raynolds ; versión española de E. García.
250 ## - MENCION DE EDICION
Mención de edición 1ª. ed.
260 ## - PUBLICACIÓN, DISTRIBUCIÓN, ETC.
Lugar de publicación, distribución, etc. Barcelona :
Nombre del editor, distribuidor, etc. Luis de Caralt,
Fecha de publicación, distribución, etc. 1958.
300 ## - DESCRIPCIÓN FÍSICA
Extensión 544 p. ;
Dimensiones 20 cm.
490 1# - MENCIÓN DE SERIE
Mención de serie La novela histórica
700 1# - ENTRADA AGREGADA--NOMBRE PERSONAL
Nombre de persona García, E.
9 (RLIN) 54013
830 0# - PUNTO DE ACCESO ADICIONAL DE SERIE-TÍTULO UNIFORME
Título uniforme La novela histórica
9 (RLIN) 182621
852 ## - LOCALIZACIÓN
Ubicación ES-MaACL
Número de control de estantería C-16210
Sublocalización o colección R.43196
Holdings
Estatus retirado Estado de pérdida Estado de daño No para préstamo Biblioteca de origen Biblioteca actual Ubicación en estantería Fecha de adquisición Fuente de adquisición Total de préstamos Signatura topográfica completa Código de barras Visto por última vez Precio de reemplazo Tipo de ítem Koha
        Biblioteca del Ateneo de Madrid Biblioteca del Ateneo de Madrid Ficheros 17/01/2008     C-16210 1131157 23/02/2023 23/02/2023 Libro impreso